De azar y soledades

Na minha lista:
Detalhes bibliográficos
Autor principal: Kochen, Olga
Formato: Livro
Idioma:Undetermined
Publicado em: México, Distrito Federal Dintel 1955
Assuntos:
Tags: Adicionar Tag
Sem tags, seja o primeiro a adicionar uma tag!

MARC

LEADER 00000nam a2200000Ia 4500
008 170316s9999 xx 000 0 und d
040 |a cru BVZT 
090 |a 860 K-1d 
100 |a Kochen, Olga 
245 |a De azar y soledades 
260 |a México, Distrito Federal 
260 |b Dintel 
260 |c 1955 
300 |a 69 páginas 
650 |a LITERATURA LATINOAMERICANA 
999 |c 8855  |d 8855 
942 |c 15 D  |h 860 K-1d  |2 z